000 00636nam a22001817a 4500
999 _c191746
_d191746
005 20220901160015.0
010 _aENG-134876
020 _a978935449753
_c579.00
035 _aEN-118408
037 _bDBAD/PUB
082 _a338.954
100 _aKarthikeyan, M.
245 _aGovernance in India:
_bBasics and Beyond/
_cM. Karthikeyan
260 _aUttar Pradesh
_bPearson INdia Education Services Pvt Ltd
_c2022
270 _bNoida
_a15th Floor, Tower-B, World Trade Tower, Plot No. 1, Block-C, Sector-16
_e201301
_mcompanysecretary.india@pearson.com
300 _avp.
_c25cm(pbk)
942 _2ddc
_cEN
_h338.954
_mKAR